000 01601cam a22004218i 4500
001 data
005 20260322212115.0
008 data
035 _a21295650
906 _a7
_bcbc
_corignew
_d1
_eecip
_f20
_gy-gencatlg
925 0 _aacquire
_b1 shelf copy
_xpolicy default
955 _wxm07 2019-11-08
010 _a 2019051372
020 _a9781682828151
_q(library binding)
020 _z9781682828168
_q(ebook)
040 _aDLC
_beng
_erda
_cDLC
042 _apcc
043 _aa-ii---
050 0 0 _aBL2003
_b.N38 2020
082 0 0 _a294.5/13
_223
100 1 _aNardo, Don,
_d1947-
_eauthor.
245 1 0 _aIndian mythology /
_cDon Nardo.
263 _a2002
264 1 _aSan Diego, CA :
_bReferencePoint Press,
_c2020.
300 _apages cm.
336 _atext
_btxt
_2rdacontent
337 _aunmediated
_bn
_2rdamedia
338 _avolume
_bnc
_2rdacarrier
490 0 _aWorld mythology
504 _aIncludes bibliographical references and index.
520 _a"The age-old theme of good triumphing over evil is common in Hindu mythology. Large numbers of Hindu myths describe fights between the devas and asuras. Such battles are in a sense built into Hinduism and its mythology,"--
_cProvided by publisher.
521 _aGrades 10-12
_bReferencePoint Press
650 0 _aMythology, Indic.
650 0 _aHindu mythology.
650 1 _aIndic mythology.
650 1 _aHindu mythology.
776 0 8 _iOnline version:
_aNardo, Don, 1947-
_tIndian mythology
_dSan Diego, CA : ReferencePoint Press, 2020.
_z9781682828168
_w(DLC) 2019051373
999 _c1743
_d1743